Responses for show #7554 - Thursday, June 15, 2017

Contestants

Debb Johnson, a retired teacher from Columbia, Maryland

Jacob Jenkelowitz, a lawyer from The Bronx, New York

Phil Ricciardi, a management consultant from North Wales, Pennsylvania (whose 1-day cash winnings total $33,400)

Jeopardy! Round responses

CHARLIE BROWN, THIS IS YOUR LIFE
STATE THE CITY
WATCH OUT FOR SPIDERS
"NME"s LIST
A HERO
AIN'T NOTHING BUT A SANDWICH
    $200 6
the First World War

Phil
    $200 1
Kansas

Phil
    $200 26
a tarantula

Jacob
    $200 21
in memoriam

Phil
    $200 11
Neil Armstrong

Phil
    $200 16
avocado

Phil
    $400 7
barber

Phil
    $400 2
Colorado

Phil
    $400 27
the Sorting Hat

Phil
    $400 22
internment

Phil
    $400 12
William Tell

Phil
    $400 17
a sloppy joe

Debb
    $600 8
(Phil: Who is Lucy?)
(Debb: Who is Linus?)

Sally

PhilJacobDebb
    $600 3
California

Phil
    $600 28
a crab

Debb
    $600 23
entertainment

Phil
    $600 13
(Sully) Sullenberger

Phil
    $600 18
the (Arizona) Diamondbacks

Debb
    $800 9
Pig Pen

Debb
    $800 4
North Carolina

Phil
    $800 29
the diaphragm

Phil
    $800 24
environmental

Phil
    $800 14
Lawrence (of Arabia)

Debb
    $2,000 19
Vietnam

Debb
    $1000 10
psychiatrist

Phil
    $1000 5
[Applause for Phil running the category]

Nevada

Phil
    $1000 30
orb weavers

Triple Stumper
    $1000 25
[Applause for Phil running the category]

on message

Phil
    $1000 15
Paavo Nurmi

Phil
    $1000 20
Mornay

Triple Stumper

Scores at the first commercial break (after clue 15):

Phil Jacob Debb
$6,200 $600 $1,000

Scores at the end of the Jeopardy! Round:

Phil Jacob Debb
$10,600 $800 $4,600

Double Jeopardy! Round responses

ANCIENT ROME
JUST JOSHING
U.S. MUSEUMS
NONFICTION
9-LETTER WORDS
MINORITY REPORT
    $400 11
a kitchen

Phil
    $400 26
Lost

Jacob
    $400 4
surfing

Phil
    $400 15
Moneyball

Debb
    $400 1
a litterbug

Jacob
    $400 21
Croat

Jacob
    $800 12
(Phil: Who is Julius Caesar?)

Augustus

PhilDebb
    $800 27
Josh Groban

Jacob
    $800 7
the Holocaust Museum

Debb
    $800 16
Mount Everest

Jacob
    $800 2
indelible

Debb
    $1,100 22
the Kurds

Jacob
    $1200 13
a net

Phil
    $1200 28
Peeta

Jacob
    $1200 8
(Phil: What is El Paso?
(Debb: What is Santa Fe?)
(Jacob: What is San Antonio?)

Laredo

PhilJacobDebb
Triple Stumper
    $1200 14
The Power of Habit

Triple Stumper
    $1200 3
a towelette

Debb
    $1200 23
Russians

Phil
    $1600 19
Alexandria

Jacob
    $1600 29
Josh Gad

Jacob
    $1600 9
(Jacob: What is furniture?)

a mattress

JacobDebb
    $1600 17
Ebola

Debb
    $1,500 5
(Alex: Phil?)
(Phil: No, I'm sorry.)

muckraker

Phil
    $1600 24
(Phil: What is China?)
(Jacob: What is Bangladesh?)

Bhutan

PhilJacob
Triple Stumper
    $2000 20
the Praetorian Guard

Phil
    $2000 30
violin

Phil
    $2000 10
the Anasazi

Debb
    $2000 18
Bill Bryson

Debb
    $2000 6
vermicide

Debb
    $2000 25
the Aleuts

Debb

Scores at the end of the Double Jeopardy! Round:

Phil Jacob Debb
$12,700 $4,700 $18,600

[wagering suggestions for these scores]

Final Jeopardy! Round responses

RECENT OSCAR WINNERS
(Alex: [To Jacob] Leo, I believe, was born in the '70s, not the '80s.)
...
(Alex: [To Debb] The famous person portrayed was Stephen Hawking.)
JacobWho is Dicaprio
$2,500
PhilWho is Russell Crowe
$3,200
DebbWho is Leonardo diCaprio?
$5,900
Eddie Redmayne

Final scores:

Phil Jacob Debb
$9,500 $2,200 $12,700
2nd place: $2,000 3rd place: $1,000 New champion: $12,700

Game dynamics:

Coryat scores:

Phil Jacob Debb
$14,200 $4,400 $17,400
26 R,
5 W
(including 1 DD)
11 R
(including 1 DD),
3 W
17 R
(including 1 DD),
2 W

Combined Coryat: $36,000

The J! Archive is created by fans, for fans. The Jeopardy! game show and all elements thereof, including but not limited to copyright and trademark thereto, are the property of Jeopardy Productions, Inc. and are protected under law. This website is not affiliated with, sponsored by, or operated by Jeopardy Productions, Inc. Join the discussion at JBoard.tv.